000 01397nam2a22002891 4500
001 v19\rc\1570197
005 20260214110003.0
035 _a(NLR Aleph) 004699632
090 _a4049131
_c4049131
100 _a20061002d1912 u y0rusy50 ca
101 0 _arus
102 _aRU
105 _ay z |||||
200 0 _a14-й... за 1905 год
210 _d1912
215 _aVII, 266 с.
461 0 _1001v19\rc\1570183
_12001#$aГодовой отчет Московской городской санитарной станции, устроенной при Гигиеническом институте Императорского Московского университета...$v14-й... за 1905 год
_94048941
_aМосковская гор. санитарная станция
_cМосква
_d1892-1912
_tГодовой отчет Московской городской санитарной станции, устроенной при Гигиеническом институте Императорского Московского университета...
_v14-й... за 1905 год
801 0 _aRU
_bNLR
_gpsbo
801 0 _aRU
_bRuMoRGB
_2psbo
801 1 _aRU
_bProSoft-M
_2rusmarc
852 _aNLR
_j18.230.8.41(1905)
899 _aRuMoRGB
_jV 215/3
899 _aБАН
_z(1892-1905*)
899 _aГПИБ
_z(1891-1905*)
942 _cUNSPEC
980 _aNB